Top 100 DC Comics Villains - Statistics

General Stats
  • This quiz has been taken 1,078 times
  • The average score is 34 of 100
Answer Stats
Answer % Correct
The Joker
99%
Lex Luthor
85%
Penguin
83%
The Riddler
83%
Bane
82%
Poison Ivy
81%
Manchester Black
80%
Darkseid
77%
Deathstroke
77%
Mr. Freeze
76%
Two-Face
76%
Scarecrow
75%
Deadshot
74%
Zoom / Reverse Flash
73%
Killer Croc
72%
Sinestro
70%
Cheetah
69%
Ra's al Ghul
66%
Captain Cold
65%
Clayface
65%
Black Manta
62%
Brainiac
61%
Doomsday
60%
General Zod
60%
Gorilla Grodd
59%
Bizarro
55%
Black Adam
54%
Ares
53%
Talia al Ghul
51%
Black Mask
47%
Man-Bat
47%
Solomon Grundy
47%
Atrocitus
46%
Hugo Strange
43%
King Shark
43%
Hush
40%
Ocean Master
40%
Firefly
38%
Metallo
38%
Mirror Master
37%
Anti-Monitor
35%
Vandal Savage
35%
Parasite
33%
Cyborg Superman
31%
Trigon
31%
Amanda Waller
30%
Giganta
27%
Parallax
27%
Amazo
26%
The Toyman
26%
Victor Zsasz
26%
Lafleeze (Agent Orange)
25%
Mongul
25%
Professor Pyg
25%
Desaad
24%
Black Hand
23%
Catman
23%
The Batman Who Laughs
23%
Lady Shiva
22%
Doctor Light
21%
Livewire
21%
Mister Mxyzptlk
21%
Doctor Sivana
20%
Malcolm Merlyn the Dark Archer
20%
Prometheus
20%
Kalibak
17%
The Ultra-Humanite
17%
Bloodsport
16%
Talon (William Cobb)
16%
Despero
15%
Cheshire
14%
Nekron
13%
Silver Banshee
13%
Count Vertigo
12%
Eclipso
12%
The Atomic Skull
11%
Doctor Polaris
10%
Hades
10%
Doctor Phosphorus
9%
Black Spider
8%
Doctor Destiny
8%
Flamingo
7%
Queen Bee
6%
Silver Swan
6%
Simon Hurt / Dr. Hurt
6%
Onomatopoeia
5%
Faora Hu-Ul
4%
Krona
4%
Lashina
4%
Neron
4%
Nocturna
4%
Imperiex
3%
Blaze
2%
Brutale
2%
Madame Zodiac
2%
Mr. Bloom
1%
Sabac
1%
Satanus
1%
Underbroker
1%
Synmar
0%
No matching quizzes found
Score Distribution
Percent of People with Each Score
Percentile by Number Answered
Your Score History
You have not taken this quiz